The land law in Tanzania: a case book

Guardado en:
Detalles Bibliográficos
Autor principal: Fimbo, Gamaliel Mgongo
Formato: Libro
Publicado: Dar es salaam : LawAfrica Publishing (T) ltd , c2016.
Materias:
Etiquetas: Agregar Etiqueta
Sin Etiquetas, Sea el primero en etiquetar este registro!

MARC

LEADER 00000nam a22000007a 4500
005 20251001113647.0
020 |a 9789966031297  |c TZS 113,250/= 
040 |a MCCL  |b eng.  |e AACR 2nd rev. ed. 
082 |a 346.678046 FIM 
100 |a Fimbo, Gamaliel Mgongo 
245 |a The land law in Tanzania: a case book  |c /Gamaliel Mgongo Fimbo  
260 |a Dar es salaam :  |b LawAfrica Publishing (T) ltd ,  |c c2016. 
300 |a xxiii, 621 p. :  |c 29 cm. 
546 |a eng. 
650 |a Land Law  |b Tanzania 
650 |a Customary law 
700 |a Fimbo, Gamaliel Mgongo 
942 |c BK 
999 |c 11506  |d 11506